| 000 | 00550nam a2200181 i 4500 | ||
|---|---|---|---|
| 001 | 145795 | ||
| 003 | ES-MaACL | ||
| 005 | 20230906201322.0 | ||
| 007 | t| | ||
| 008 | 071017s1970 sp ||||1| spa d | ||
| 100 | 1 |
_aVerger, Maria ( _d1892-1983) _9114095 |
|
| 245 | 1 | 0 |
_aPor la senda de las rosas _b: poema en XXVII cantos / _cMarĂa Verger. |
| 260 |
_aMadrid : _b[s.n.], _c1970 ( _fAgisa) |
||
| 300 |
_a43 p. ; _c21 cm. |
||
| 852 |
_aES-MaACL _jC-42416 _bR.81311 |
||
| 852 |
_aES-MaACL _jC-39707 _bR.73215 |
||
| 852 |
_aES-MaACL _jC-39725 _bR.76486 |
||
| 999 |
_c145795 _d145795 |
||